Enjuiciamiento de los criminales de guerra

Uloženo v:
Podrobná bibliografie
Médium: Kniha
Jazyk:španělština
Vydáno: Washington, D.C Secretaría de Estado de los Estados Unidos 1949
Edice:Documentos
Témata:
Tagy: Přidat tag
Žádné tagy, Buďte první, kdo vytvoří štítek k tomuto záznamu!

MARC

LEADER 00000nam a2200000 a 4500
001 UCT9375
003 CL-VaPUC
008 970404e19490000US |||||||||||||||||spa|d
082 0 4 |a 341.69  |b ENJ  |2 21 
245 1 0 |a Enjuiciamiento de los criminales de guerra 
300 |a 65 p 
942 |c BK 
945 |d 19970404 00:00:00  |a paguirre 
260 |a Washington, D.C  |b Secretaría de Estado de los Estados Unidos  |c 1949 
650 0 |a Crímenes de guerra  |9 344323 
650 7 |a CRIMINALES DE GUERRA  |2 CL-VaPUC  |9 381780 
650 7 |a DERECHO PENAL  |2 CL-VaPUC  |9 11 
650 0 |a Derecho internacional  |9 255637 
650 0 |a Juicios célebres  |9 380714 
650 7 |a TRIBUNALES MILITARES  |2 CL-VaPUC  |9 328495 
583 |a last modification  |c 19970404 00:00:00  |k Rodrigo Vera 
490 0 |a Documentos 
999 |c 257780  |d 257778 
952 |0 0  |1 0  |4 0  |6 341_690000000000000_ENJ_1949  |7 0  |8 A  |9 281440  |a BIBDER  |b BIBDER  |d 2019-11-19  |i 182418K  |o 341.69 ENJ 1949  |p 182418K  |r 2023-01-25  |w 2019-11-19  |y BK  |k DER